Advanced engineering mathematics (Record no. 2354)

000 -LEADER
fixed length control field 00457nam a22001937a 4500
001 - CONTROL NUMBER
control field 2354
003 - CONTROL NUMBER IDENTIFIER
control field BD-DhUET
008 - FIXED-LENGTH DATA ELEMENTS--GENERAL INFORMATION
fixed length control field 140922b xxu||||| |||| 00| 0 eng d
020 ## - INTERNATIONAL STANDARD BOOK NUMBER
International Standard Book Number 8121903459
040 ## - CATALOGING SOURCE
Transcribing agency 0
Modifying agency BD-DhUET
082 ## - DEWEY DECIMAL CLASSIFICATION NUMBER
Classification number 510
Item number DAS/2007
100 ## - MAIN ENTRY--PERSONAL NAME
Personal name Dass, H.K.
245 ## - TITLE STATEMENT
Title Advanced engineering mathematics
250 ## - EDITION STATEMENT
Edition statement 17th Rev. ed.
260 ## - PUBLICATION, DISTRIBUTION, ETC. (IMPRINT)
Place of publication, distribution, etc. Ram Nagar
Name of publisher, distributor, etc. S. Chand.
Date of publication, distribution, etc. 2007
300 ## - PHYSICAL DESCRIPTION
Extent xvi,1274p.
650 #0 - SUBJECT ADDED ENTRY--TOPICAL TERM
Topical term or geographic name as entry element Mathematics
942 ## - ADDED ENTRY ELEMENTS (KOHA)
Koha item type General Book
Holdings
Damaged status Date acquired Source of classification or shelving scheme Location (home branch) Koha out on loan Koha full call number Copy number Not for loan Piece designation (barcode) Koha issues (times borrowed) Koha date last seen Price effective from Sublocation or collection (holding branch) Koha item type Withdrawn status Shelving location Koha date last borrowed Lost status Koha normalized classification for sorting
 2014-09-22 Central Library, BUET 510/DAS/20071 10392432023-05-062014-09-22Central Library, BUETGeneral Book Circulation section2022-11-23 510DAS2007
 2014-09-22 Central Library, BUET2026-01-27510/DAS/20072 10392562026-01-132014-09-22Central Library, BUETGeneral Book Circulation section2026-01-13 510DAS2007
 2014-09-22 Central Library, BUET 510/DAS/20073 10392742025-02-102014-09-22Central Library, BUETGeneral Book Circulation section2024-12-01 510DAS2007
 2014-09-22 Central Library, BUET 510/DAS/20074 10392832023-06-052014-09-22Central Library, BUETGeneral Book Circulation section2023-03-22 510DAS2007
 2014-09-22 Central Library, BUET 510/DAS/20075 10392912016-02-242014-09-22Central Library, BUETGeneral Book Circulation section2014-11-12 510DAS2007
 2014-09-22 Central Library, BUET 510/DAS/20077 10393122023-02-282014-09-22Central Library, BUETGeneral Book Circulation section2023-01-11 510DAS2007
 2014-09-22 Central Library, BUET 510/DAS/20076 10393032026-05-092014-09-22Central Library, BUETGeneral Book Circulation section2026-04-15 510DAS2007
 2015-01-26 Central Library, BUET 510/DAS/20078 10392222019-03-312015-01-26Central Library, BUETGeneral Book Circulation section2019-01-20 510_000000000000000_DAS_2007
 2015-09-01 Central Library, BUET 510DAS/20079 10392322025-04-072015-09-01Central Library, BUETGeneral Book Circulation section2025-03-02 510DAS_2007_000000000000000
 2007-05-28 Central Library, BUET2024-12-08510/DAS/200710 103926112024-11-242017-05-29Central Library, BUETGeneral Book Circulation section2024-11-24 510_000000000000000_DAS_2007